000 00435nam a2200145 a 4500
005 20251018145024.0
008 251018s1998##################000#0#eng##
020 _a9788176250313
082 0 4 _a582.0954
_bARO
100 1 _aArora,r.k.
245 1 0 _aThe Botany Of South Kanara District
_cR.K. Arora, B.M. Wadhawa , M.B. Raizada
260 _c1981
_aDehradun
_bM/s Bishen Singh Mahendra Pal Singh
650 _aBotany
942 _cENGLISH
999 _c592358
_d592358